Integral train systems /

Bibliographic Details
Main Author: Kneiling, John G.
Format: Book
Language:English
Published: Milwaukee, Wis. : Kalmbach Pub. Co., [1969]
Subjects:

MARC

Tag First Indicator Second Indicator Subfields
LEADER 00000cam a2200000 a 4500
001 in00000090871
005 20151008063806.0
008 690812s1969 wiua 00010 engm
010 |a  75076387  
035 |a (OCoLC)00017358 
035 |9 AAK2934AM 
040 |a DLC  |c DLC  |d TXA  |d UtOrBLW 
049 |a TXAM  |c [933097] 
050 0 0 |a TF505  |b .K58 
082 0 |a 658/.9/385 
100 1 |a Kneiling, John G. 
245 1 0 |a Integral train systems /  |c by John G. Kneiling. 
264 1 |a Milwaukee, Wis. :  |b Kalmbach Pub. Co.,  |c [1969] 
264 4 |c ©1969 
300 |a 1 volume (various pagings) :  |b illustrations ;  |c 24 cm. 
336 |a text  |b txt  |2 rdacontent 
337 |a unmediated  |b n  |2 rdamedia 
338 |a volume  |b nc  |2 rdacarrier 
650 0 |a Railroads  |x Management. 
999 |a MARS 
999 f f |s 73b9166f-79ab-3d47-b6f6-66c34329878c  |i ccbc45ab-d026-3f66-8782-51c7e05e145d  |t 0 
952 f f |p ric  |a Texas A&M University  |b Rellis Campus  |c Joint Library Facility  |d Remote Storage  |t 0  |e TF505 .K58  |h Library of Congress classification  |i unmediated -- volume  |m A14806247005 
998 f f |a TF505 .K58  |t 0  |l Remote Storage